02222nam a2200217Ia 4500008004100000020001800041050002100059245025700080250001800337260003100355300003600386336001000422337001400432338001200446490004900458500004600507504032300553505109100876650001601967650002101983120721s2015 mx 000 0 spa d a978970324469014aF1230bV831 201510aVisión de los vencidos b : relaciones índigenas de la conquistac/ introducción y notas Miguel León Portilla ; versión de textos nahuas Angel María Garibay / K., Miguel León Portilla, ilustración de los códices : Alberto Beltrán a29a edición3 aMéxico b: UNAMc, 2009. a312 páginasb: il.c ; 15 cm. atexto asin medio avolumen aBiblioteca del estudiante universitario ; 81 aIncluye el capítulo Tlaxcaltecáyacatl 6Apéndice pp. 257-292 Referencias bibliográficas pp. 293-300 1. Principales textos y pinturas indígenas acerca de la conquista 2. Principales relaciones e historias de la conquista escritas por conquistadores, misioneros y otros investigadores coloniales modernos Índice de iliustraciones documentales pp. 309 1 aIntéres por la historía en mundo índigena Relaciones y pinturas nahuas acerca de la conquista Valor humano de las relaciones indígenas de la conquista VISIÓN DE LOS VENCIDOS I. Presagio de la venida de los españoles II. Primeras noticias de la llegada de los españoles III. Las idas y venidas de los mensajeros IV. ActItud psicológica de Motecuhzoma V. Los españoles se ponen en marcha: llegada a Tlaxcala y Cholula VI. Nuevo envío de presentes y la aparición de Tezcatlipoca en las cercanías del Popocatépetl VII. El príncipe Ixtlilxóchitl recibe favorablemente a los españoles VIII. Llegada de los españoles a México Tenochtitlan IX. La matanza del templo mayor en la fiesta de Tóxcatl X. Regreso de Cortés: la" Noche Triste " XI. Comienza el asedio de México-Tenochtitlan XII. Incursiones de los españoles en la ciudad sitiada XIII. Rendición de México-Tenochtitlan XIV. Una visión de conjunto XV. Cantos tristes de la conquista XVI. Tlaxcalecáyotl. Evocación de una forma de vida XVII. Lo que siguió 10aARTE ROMANO24aNAHUATL - TEXTOS